Mekedatu mattu itara kathana kavanagalu (Record no. 141888)
[ view plain ]
| 000 -LEADER | |
|---|---|
| fixed length control field | 00719nam a2200241Ia 4500 |
| 003 - CONTROL NUMBER IDENTIFIER | |
| control field | OSt |
| 005 - DATE AND TIME OF LATEST TRANSACTION | |
| control field | 20260213122415.0 |
| 008 - FIXED-LENGTH DATA ELEMENTS--GENERAL INFORMATION | |
| fixed length control field | 210210b1947 xxu||||| |||| 00| 0 eng d |
| 040 ## - CATALOGING SOURCE | |
| Transcribing agency | AL |
| 041 ## - LANGUAGE CODE | |
| Language code of text/sound track or separate title | Kannada |
| 082 ## - DEWEY DECIMAL CLASSIFICATION NUMBER | |
| Classification number | 851/422 |
| 100 ## - MAIN ENTRY--PERSONAL NAME | |
| Personal name | VIRAPPA (S S) |
| Dates associated with a name | ವೀರಪ್ಪ (ಎಸ್ ಎಸ್) |
| 9 (RLIN) | 254724 |
| 245 ## - TITLE STATEMENT | |
| Title | Mekedatu mattu itara kathana kavanagalu |
| Remainder of title | ಮೇಕೆದಾಟು ಮತ್ತು ಇತರ ಕಥನ ಕವನಗಳು |
| 260 ## - PUBLICATION, DISTRIBUTION, ETC. | |
| Place of publication, distribution, etc. | Bengaluru |
| Name of publisher, distributor, etc. | - |
| Date of publication, distribution, etc. | 1947 |
| 650 ## - SUBJECT ADDED ENTRY--TOPICAL TERM | |
| Topical term or geographic name entry element | Mekedatu |
| 9 (RLIN) | 254725 |
| 650 ## - SUBJECT ADDED ENTRY--TOPICAL TERM | |
| Topical term or geographic name entry element | mattu |
| 9 (RLIN) | 254726 |
| 650 ## - SUBJECT ADDED ENTRY--TOPICAL TERM | |
| Topical term or geographic name entry element | kavanagalu |
| 9 (RLIN) | 254727 |
| 650 ## - SUBJECT ADDED ENTRY--TOPICAL TERM | |
| Topical term or geographic name entry element | kathana |
| 9 (RLIN) | 254728 |
| 650 ## - SUBJECT ADDED ENTRY--TOPICAL TERM | |
| Topical term or geographic name entry element | itara |
| 9 (RLIN) | 254729 |
| 690 ## - LOCAL SUBJECT ADDED ENTRY--TOPICAL TERM (OCLC, RLIN) | |
| Topical term or geographic name as entry element | Kannada Poetry |
| 9 (RLIN) | 254730 |
| 906 ## - LOCAL DATA ELEMENT F, LDF (RLIN) | |
| a | 018439 |
| 942 ## - ADDED ENTRY ELEMENTS (KOHA) | |
| Source of classification or shelving scheme | Dewey Decimal Classification |
| Koha item type | Book |
| Withdrawn status | Lost status | Source of classification or shelving scheme | Damaged status | Not for loan | Collection code | Home library | Current library | Shelving location | Date acquired | Cost, normal purchase price | Total Checkouts | Full call number | Barcode | Date last seen | Price effective from | Koha item type |
|---|---|---|---|---|---|---|---|---|---|---|---|---|---|---|---|---|
| Dewey Decimal Classification | Kannada | St Aloysius Library | St Aloysius Library | 02/17/2021 | 0.00 | 851/422 | 018439 | 02/17/2021 | 02/17/2021 | Book |